LEADER 05544oam 2200901 c 450 001 9910372824303321 005 20260302090207.0 010 $a9783839401996 010 $a3839401992 024 7 $a10.14361/9783839401996 035 $a(CKB)3710000000482578 035 $a(OAPEN)1007399 035 $a(DE-B1597)461449 035 $a(OCoLC)1013941924 035 $a(OCoLC)958037472 035 $a(DE-B1597)9783839401996 035 $a(transcript Verlag)9783839401996 035 $a(MiAaPQ)EBC6955633 035 $a(Au-PeEL)EBL6955633 035 $a(oapen)https://directory.doabooks.org/handle/20.500.12854/35765 035 $a(ScCtBLL)3e290246-1896-4bfb-8f9d-114147bbecc0 035 $a(OCoLC)1110438898 035 $a(OCoLC)1295962484 035 $a(oapen)doab35765 035 $a(EXLCZ)993710000000482578 100 $a20260302h20152004 uy 0 101 0 $ager 135 $auuuuu---auuuu 181 $ctxt$2rdacontent 182 $cc$2rdamedia 183 $acr$2rdacarrier 200 00$aBewegung$eSozial- und kulturwissenschaftliche Konzepte$fGabriele Klein 205 $a1st ed. 210 $aBielefeld$ctranscript Verlag$d2015 210 $d2015, c2004 215 $a1 online resource (306) 225 0 $aSozialtheorie 311 08$a9783899421996 311 08$a389942199X 327 $aFrontmatter 1 Inhalt 5 Bewegung und Moderne: Zur Einfu?hrung 7 Ordnung und Erinnerung. Menschliche Bewegung in der Perspektive der historischen Anthropologie 23 Bewegung und Gesellschaft. Zur "Verko?rperung" des Sozialen und zur Formung des Selbst in Sport und popula?rer Kultur 43 Handlung, Funktion, Dialog, Symbol. Menschliche Bewegung aus entwicklungspa?dagogischer Sicht 79 Bewegung - eine spezifische Form nicht-propositionalen Wissens 109 Bewegung denken. Ein soziologischer Entwurf 131 Die Gleichfo?rmigkeit und die Bewegtheit des Subjekts: Moderne Subjektivita?t im Konflikt von bu?rgerlicher und avantgardistischer Codierung 155 Koha?rentes Bewegen. Grundlagen eines wissenschaftlichen Denkens durch das Bewegen 185 Bewegung. Die Wege Heideggers 201 Was bewegt sich in sozialen Bewegungen? Bewegungsmetaphorik und politisches Handeln 217 ,Sich bewegen, um die Verha?ltnisse zu vera?ndern.' Ra?umliche, subjektbezogene und politische Dimensionen des Bewegungsbegriffs in der feministischen Theorie und Praxis 239 Bewegung zeigen oder Bewegung schreiben? Der Film als symbolische Form der Moderne 265 Bewegung als Konzept der Zeit: Figuren der Zeitmessung 283 Hinweise zu den Autorinnen und Autoren 303 Backmatter 306 330 $aOb Körperbewegung oder Tanzbewegung, ob Bewegung der Bilder, der Töne oder der Schrift, ob soziale oder politische Bewegung, der Begriff »Bewegung« wird in Ästhetik, Kultur- und Sozialwissenschaften häufig benutzt. Anders als in den Naturwissenschaften aber ist dem konzeptuellen Stellenwert des Bewegungsbegriffs in den Kultur- und Sozialwissenschaften bislang nur wenig Aufmerksamkeit geschenkt worden.Die interdisziplinäre Textsammlung verfolgt das Ziel, den Status quo des Begriffs in den Sozial- und Kulturwissenschaften zu reflektieren und sein theoretisches Potenzial zu bestimmen. Sie geht von der Annahme aus, dass Bewegung nicht nur eine »physikalische Tatsache« und damit etwas quasi Natürliches ist, sondern ein soziales und kulturelles Konzept, das auf verschiedene Weise naturalisiert und essenzialisiert worden ist. Der Band präsentiert verschiedene Gebrauchsweisen des Begriffs und ermöglicht damit ein weiteres konzeptuelles Nachdenken über Bewegung als einen Begriff, dessen Rolle im »Tanz der Disziplinen« neu zu entfalten ist. 330 1 $a»Die interdisziplinäre Textsammlung verfolgt das Ziel, den Status quo des Begriffs in den Sozial- und Kulturwissenschaften zu reflektieren un sein theoretisches Potenzial zu bestimmen. Sie geht von der Annahme aus, dass Bewegung nicht nur eine 'physikalische Tatsache' und damit etwas quasi Natürliches ist, sondern ein soziales und kulturelles Konzept, das auf verschiedene Weise naturalisiert und essenzialisiert worden ist. Der Band präsentiert verschiedene Gebrauchsweisen des Begriffs und ermöglich damit ein weiteres konzeptuelles Nahcdenken über Bewegung als einen Begriff, dessen Rolle im 'Tanz der Disziplinen' neu zu entfalten ist.« 330 1 $aBesprochen in:IFIS, 4 (2005), Braun-Laufer 410 0$aSozialtheorie 517 2 $aKlein, Bewegung$eSozial- und kulturwissenschaftliche Konzepte 606 $aBewegungsforschung 606 $aCultural Theory 606 $aKulturtheorie 606 $aCultural Studies 606 $aBody 606 $aKörpertheorie 606 $aSport Science 606 $aKörper 606 $aSociology 606 $aSportwissenschaft 606 $aKulturwissenschaft 606 $aSoziologie 615 4$aBewegungsforschung 615 4$aCultural Theory 615 4$aKulturtheorie 615 4$aCultural Studies 615 4$aBody 615 4$aKörpertheorie 615 4$aSport Science 615 4$aKörper 615 4$aSociology 615 4$aSportwissenschaft 615 4$aKulturwissenschaft 615 4$aSoziologie 676 $a300 686 $aMR 5600$2rvk 702 $aKlein$b Gabriele$p

Gabriele Klein, Universiteit van Amsterdam, Niederlande

$4edt 801 0$bDE-B1597 801 1$bDE-B1597 906 $aBOOK 912 $a9910372824303321 996 $aBewegung$94414143 997 $aUNINA